00819cam a2200241 a 450000100060000000300080000600500170001400800410003103500190007204000310009104100080012208200200013010000480015024500740019826000520027230000610032449000480038550000200043350400300045365000280048365000180051183000480052914303BD-RjUL20211208235615.0140205s1966 enkaf b 001 0 eng c a(BD-RjUL)14355 aDLC/ICUcCGUdBD-RjULbeng aeng00a597.6bDEB 19661 aDeuchar, Elizabeth M.,q(Elizabeth Marion).10aBiochemical aspects of amphibian development /cElizabeth M. Deuchar. aLondon ;bMethuen ;aNew York :bWiley,cc1966. aix, 206 p. :bill., 13 plates, tables, diagrs. ;c21 cm.1 aMethuen's monographs on biological subjects aIncludes index. aBibliography: p. 180-200. 0aEmbryologyxAmphibians. 0aBiochemistry. 0aMethuen's monographs on biological subjects